Quiz o Cs:Go - Statystyki

Ogólne statystyki
  • Ten quiz został rozwiązany 6 921 razy
  • Średni wynik to 8 z 10
Statystyki odpowiedzi
Zagadnienie Odpowiedź % Poprawnych
Która z tych broni na jeden strzał w głowę potrafi zabić przeciwnika z hełmem? Desert Eagle
98%
Z czym w ręku poruszasz się najszybciej? Nóż
98%
Ile w jednej drużynie gra osób w trybie Skrzydłowy? 2
96%
Jak nazywa się akcja w której ostatni żywy gracz zabija wszystkich przeciwników? Clutch
81%
Ile podczas meczu kosztuje AWP? 4750$
80%
Jako terrorysta kupiłeś: ak-47, 2x granaty błyskowo-hukowe,granat dymny i mołotow'a. Ile wydałeś? 3800$
71%
Silnik na którym powstało Cs:Go to: Source
69%
Ile pocisków mieści w jednym magazynku broń UMP-45? 25
65%
Ile kosztuje Zeus x27? 200$
60%
Co zostało dodane w ostatniej aktualizacji do trybu Strefa zagrożenia? Tarcza balistyczna
56%
Nie znaleziono quizów pasujących do podanych kryteriów
Rozkład punktacji
Procent ludzi z każdym wynikiem
Percentyl według liczby udzielonych odpowiedzi
Twoja historia wyników
Nie rozwiązałeś tego quizu